[Event "Stare Mesto op"]
[Site "Stare Mesto"]
[Date "2023.08.09"]
[Round "5"]
[White "Vaculik, Martin1"]
[Black "Olvecky, Jaroslav"]
[Result "0-1"]
[WhiteElo "1983"]
[BlackElo "1827"]
[PlyCount "108"]
[EventDate "2023.08.05"]
[EventType "swiss"]
[EventRounds "9"]
[EventCountry "CZE"]
[SourceTitle "EXT 2024"]
[Source "ChessBase"]
[SourceDate "2023.10.10"]
[SourceVersion "1"]
[SourceVersionDate "2023.10.10"]
[SourceQuality "1"]

1. d4 Nf6 2. c4 g6 3. Nc3 Bg7 4. e4 d6 5. h3 Nbd7 6. Be3 e5 7. d5 a5 8. g4 Nc5 9. f3 Bd7 10. Nge2 Ng8 11. Qd2 h6 12. Ng3 Bf6 13. f4 exf4 14. Bxf4 Bg5 15. 0-0-0 Bxf4 16. Qxf4 Qg5 17. Nge2 Nf6 18. Bg2 Qxf4+ 19. Nxf4 0-0 20. Nd3 Nxd3+ 21. Rxd3 Rae8 22. Rhd1 Re5 23. a3 Kg7 24. b4 axb4 25. axb4 h5 26. gxh5 Nxh5 27. Rf3 Rg5 28. Bh1 Ra8 29. Kb2 Rg3 30. Rxg3 Nxg3 31. Bg2 Nh5 32. Rf1 g5 33. Ne2 Nf6 34. Ng3 Kg6 35. Nf5 Bxf5 36. Rxf5 Re8 37. Kc3 Nxe4+ 38. Bxe4 Rxe4 39. Rf3 f5 40. c5 f4 41. Rd3 Re3 42. Rxe3 fxe3 43. Kd3 Kh5 44. Kxe3 Kh4 45. b5 b6 46. cxd6 cxd6 47. Ke4 Kxh3 48. Kf5 g4 49. Ke6 g3 50. Kxd6 g2 51. Ke7 g1Q 52. d6 Qe3+ 53. Kd8 Qg5+ 54. Kc7 Qc5+ 0-1

[Event "Stare Mesto op"]
[Site "Stare Mesto"]
[Date "2019.08.24"]
[Round "8"]
[White "Jiruse, Josef"]
[Black "Olvecky, Jaroslav"]
[Result "1-0"]
[WhiteElo "2010"]
[BlackElo "1923"]
[PlyCount "49"]
[EventDate "2019.08.17"]
[EventType "swiss"]
[EventRounds "9"]
[EventCountry "CZE"]
[SourceTitle "EXT 2020"]
[Source "ChessBase"]
[SourceDate "2019.10.17"]
[SourceVersion "1"]
[SourceVersionDate "2019.10.17"]
[SourceQuality "1"]

1. e4 c5 2. d4 cxd4 3. c3 d5 4. Qxd4 dxe4 5. Qxe4 Nc6 6. Bb5 Bd7 7. Nf3 Nf6 8. Qe2 e6 9. 0-0 Qc7 10. Nbd2 Be7 11. b3 0-0 12. Bb2 Rfe8 13. Rad1 Rad8 14. Bd3 Nd5 15. g3 Bf6 16. Ne4 Be7 17. c4 Ndb4 18. Bb1 f5 19. Nc3 Rf8 20. a3 Na6 21. b4 Nab8 22. Nb5 Qb6 23. c5 Qa6 24. Bd3 Qa4 25. Nc3 1-0

[Event "Stare Mesto op"]
[Site "Stare Mesto"]
[Date "2019.08.17"]
[Round "1"]
[White "Olvecky, Jaroslav"]
[Black "Mirzoev, Azer"]
[Result "0-1"]
[WhiteElo "1923"]
[BlackElo "2481"]
[PlyCount "72"]
[EventDate "2019.08.17"]
[EventType "swiss"]
[EventRounds "9"]
[EventCountry "CZE"]
[SourceTitle "EXT 2020"]
[Source "ChessBase"]
[SourceDate "2019.10.17"]
[SourceVersion "1"]
[SourceVersionDate "2019.10.17"]
[SourceQuality "1"]

1. e4 c5 2. Nf3 e6 3. Be2 a6 4. 0-0 b5 5. Re1 Bb7 6. d3 d6 7. Bf1 Nd7 8. g3 Ngf6 9. Bg2 Be7 10. Nbd2 0-0 11. Nf1 Rc8 12. N3d2 Qc7 13. c3 Ne5 14. Qe2 c4 15. d4 Nd3 16. Rd1 d5 17. e5 Nd7 18. Bh3 b4 19. Nf3 bxc3 20. bxc3 Rb8 21. Bg5 Bxg5 22. Nxg5 h6 23. Bxe6 hxg5 24. Bf5 g6 25. Bxd3 cxd3 26. Rxd3 Bc8 27. Ne3 Nb6 28. Rc1 Qd8 29. Rdd1 Re8 30. Qf3 Be6 31. c4 Nxc4 32. Nxc4 dxc4 33. d5 Bf5 34. e6 fxe6 35. dxe6 Qc7 36. Rd7 Qe5 0-1

[Event "SVK-chT2A 1718"]
[Site "Slovakia"]
[Date "2018.02.04"]
[Round "7.7"]
[White "Sulek, Viliam"]
[Black "Olvecky, Jaroslav"]
[Result "1-0"]
[WhiteElo "2026"]
[BlackElo "1909"]
[PlyCount "89"]
[EventDate "2017.10.28"]
[EventType "team-tourn"]
[EventRounds "11"]
[EventCountry "SVK"]
[SourceTitle "EXT 2019"]
[Source "ChessBase"]
[SourceDate "2018.10.10"]
[SourceVersion "1"]
[SourceVersionDate "2018.10.10"]
[SourceQuality "1"]
[WhiteTeam "Bratislava Slovan V"]
[BlackTeam "Bratislava Doprastav II"]
[WhiteTeamCountry "SVK"]
[BlackTeamCountry "SVK"]

1. e4 e5 2. Nf3 Nc6 3. Bb5 a6 4. Ba4 g6 5. 0-0 Bg7 6. c3 d6 7. h3 Bd7 8. d4 h6 9. Be3 Nf6 10. Nbd2 0-0 11. Re1 Re8 12. Bc2 exd4 13. cxd4 Nb4 14. Bb1 Bb5 15. Qb3 c5 16. a3 Nc6 17. dxc5 dxc5 18. Bxc5 Rc8 19. Ba2 Qd7 20. Rac1 Na5 21. Qe3 Qd3 22. Qxd3 Bxd3 23. e5 Nh5 24. e6 f5 25. e7+ Kh7 26. Bf7 Bxb2 27. Bxe8 Rxe8 28. Ne5 Bb5 29. Rc2 Bxe5 30. Rxe5 Nc6 31. Re1 Nf6 32. Nf3 Ne4 33. Nd2 Nxc5 34. Rxc5 Kg7 35. Nf3 b6 36. Rd5 Rxe7 37. Rc1 Re6 38. Rd7+ Kf6 39. Rb7 Be2 40. Rxb6 Bxf3 41. gxf3 Nd4 42. Rxe6+ Kxe6 43. Kg2 Kd5 44. Rc8 Nb5 45. a4 1-0

[Event "Stare Mesto op"]
[Site "Stare Mesto"]
[Date "2017.08.13"]
[Round "3"]
[White "Kapusta, Petr"]
[Black "Olvecky, Jaroslav"]
[Result "0-1"]
[WhiteElo "2112"]
[BlackElo "1910"]
[PlyCount "128"]
[EventDate "2017.08.11"]
[EventType "swiss"]
[EventRounds "10"]
[EventCountry "CZE"]
[SourceTitle "CBM 180 Extra"]
[Source "ChessBase"]
[SourceDate "2017.10.06"]
[SourceVersion "1"]
[SourceVersionDate "2017.10.06"]
[SourceQuality "1"]

1. e4 c5 2. Nf3 d6 3. d4 cxd4 4. Nxd4 Nf6 5. Nc3 a6 6. Be2 e5 7. Nb3 Be7 8. 0-0 b5 9. f4 Bb7 10. Bd3 Nbd7 11. a3 Rc8 12. Qe1 0-0 13. Kh1 Nb6 14. fxe5 dxe5 15. Bg5 Nfd7 16. Bxe7 Qxe7 17. Qg3 Nc4 18. Bxc4 bxc4 19. Nd2 f6 20. Rae1 Kh8 21. Nf3 Rfd8 22. Nh4 Nc5 23. Nf5 Qf8 24. Qe3 Rd7 25. h4 Ne6 26. Rd1 Rcd8 27. Qb6 Nd4 28. Ne3 Rb8 29. Qa5 Qc8 30. Qa4 Rc7 31. Nf5 Nxf5 32. exf5 Bc6 33. Qa5 h6 34. Nd5 Rd7 35. Nb4 Rxd1 36. Rxd1 Be4 37. Rf1 Ra8 38. Nd5 Qb7 39. Ne3 Qxb2 40. Qe1 Qxa3 41. Qg3 a5 42. Rd1 Bc6 43. Kh2 Qc5 44. c3 a4 45. Nc2 a3 46. Nb4 Be8 47. Qf3 Qc8 48. Rd2 Ba4 49. g4 Bb3 50. Qg2 Qb8 51. g5 e4+ 52. Kh3 fxg5 53. hxg5 Qf4 54. gxh6 Qxf5+ 55. Kh2 gxh6 56. Nd5 Qh5+ 57. Kg1 Qg5 58. Nf6 a2 59. Kh2 Qxg2+ 60. Kxg2 a1Q 61. Rd7 Ra2+ 62. Kg3 Qg1+ 63. Kf4 Rf2+ 64. Ke5 Qg5+ 0-1

[Event "Stare Mesto op"]
[Site "Stare Mesto"]
[Date "2017.08.12"]
[Round "2"]
[White "Olvecky, Jaroslav"]
[Black "Kubos, Rostislav"]
[Result "1/2-1/2"]
[WhiteElo "1910"]
[BlackElo "2195"]
[PlyCount "41"]
[EventDate "2017.08.11"]
[EventType "swiss"]
[EventRounds "10"]
[EventCountry "CZE"]
[SourceTitle "CBM 180 Extra"]
[Source "ChessBase"]
[SourceDate "2017.10.06"]
[SourceVersion "1"]
[SourceVersionDate "2017.10.06"]
[SourceQuality "1"]

1. d4 Nf6 2. c4 e6 3. Nc3 Bb4 4. Qc2 Nc6 5. e3 0-0 6. Bd3 d6 7. Nge2 Bxc3+ 8. Qxc3 e5 9. e4 Qe7 10. f3 Re8 11. d5 Nb8 12. Be3 Nbd7 13. 0-0 a5 14. b3 Nc5 15. Bc2 Bd7 16. a3 Rec8 17. Rfd1 c6 18. Nc1 Ne8 19. dxc6 Bxc6 20. Nd3 Ne6 21. Qd2 1/2-1/2

[Event "SVK-ch Seniors"]
[Site "Tatranske Matliare"]
[Date "2015.06.05"]
[Round "8"]
[White "Olvecky, Jaroslav"]
[Black "Pereszlenyi, Gejza"]
[Result "1/2-1/2"]
[WhiteElo "1945"]
[BlackElo "1944"]
[PlyCount "46"]
[EventDate "2015.05.30"]
[EventType "swiss"]
[EventRounds "9"]
[EventCountry "SVK"]
[SourceTitle "EXT 2017"]
[Source "ChessBase"]
[SourceDate "2016.10.25"]
[SourceVersion "1"]
[SourceVersionDate "2016.10.25"]
[SourceQuality "1"]

1. d4 c5 2. d5 e5 3. e4 d6 4. Bb5+ Bd7 5. Bxd7+ Nxd7 6. Nc3 Ngf6 7. Qe2 a6 8. a4 Be7 9. Nf3 0-0 10. 0-0 b6 11. b3 Qc7 12. Nd2 Rfb8 13. Nc4 Ra7 14. Ne3 g6 15. Bd2 Bf8 16. g3 Bg7 17. Kh1 Re8 18. f3 h5 19. h3 Nf8 20. Kh2 N8h7 21. Rfe1 Qd7 22. Nc4 Qd8 23. Qf1 Rae7 1/2-1/2

[Event "Tatry op"]
[Site "Tatranske Zruby"]
[Date "2013.10.03"]
[Round "6"]
[White "Olvecky, Jaroslav"]
[Black "Valent, Jan"]
[Result "1-0"]
[WhiteElo "1920"]
[BlackElo "1753"]
[PlyCount "69"]
[EventDate "2013.09.29"]
[EventType "swiss"]
[EventRounds "9"]
[EventCountry "SVK"]
[SourceTitle "EXT 2023"]
[Source "ChessBase"]
[SourceDate "2022.10.05"]
[SourceVersion "1"]
[SourceVersionDate "2022.10.05"]
[SourceQuality "1"]

1. d4 d5 2. c4 c6 3. Nf3 Bg4 4. Nc3 Nf6 5. e3 Nbd7 6. cxd5 cxd5 7. Be2 e6 8. Bd2 Be7 9. 0-0 0-0 10. h3 Bh5 11. g4 Bg6 12. Nh4 Ne4 13. Nxg6 fxg6 14. Nxe4 dxe4 15. Qb3 Qb6 16. Bc4 Qxb3 17. Bxb3 Kf7 18. f3 exf3 19. Rxf3+ Ke8 20. Rxf8+ Nxf8 21. Rc1 Bd6 22. e4 Rd8 23. Bg5 Be7 24. Ba4+ Nd7 25. Be3 a6 26. Rc7 b5 27. Bb3 e5 28. d5 h6 29. Bd2 Bc5+ 30. Kg2 Ke7 31. Rc6 Rf8 32. Be1 Rf6 33. Rc8 Bd4 34. Bb4+ Rd6 35. Rc6 1-0

[Event "Senica op 3rd"]
[Site "Senica"]
[Date "2011.08.25"]
[Round "6"]
[White "Olvecky, Jaroslav"]
[Black "Jablonicky, Martin"]
[Result "1/2-1/2"]
[WhiteElo "1865"]
[BlackElo "1760"]
[PlyCount "107"]
[EventDate "2011.08.21"]
[EventType "swiss"]
[EventRounds "9"]
[EventCountry "SVK"]
[SourceTitle "CBM 144 Extra"]
[Source "ChessBase"]
[SourceDate "2011.10.28"]
[SourceVersion "1"]
[SourceVersionDate "2011.10.28"]
[SourceQuality "1"]

1. d4 Nf6 2. Nf3 e6 3. c4 b6 4. g3 Bb7 5. Bg2 Be7 6. 0-0 0-0 7. Nc3 d5 8. Ne5 Nbd7 9. Bf4 c6 10. cxd5 cxd5 11. Nd3 Ne8 12. Rc1 Bd6 13. Qd2 Ndf6 14. f3 Bxf4 15. Nxf4 Nd6 16. b3 Nf5 17. Rfd1 Qd7 18. e3 Rfc8 19. Nd3 Nd6 20. Ne5 Qe7 21. Bf1 Nd7 22. Nxd7 Qxd7 23. Rc2 b5 24. Rdc1 Bc6 25. Nd1 a5 26. Nb2 b4 27. Nd3 Bb5 28. Rc5 Bxd3 29. Bxd3 Kf8 30. R1c2 Kg8 31. Qc1 Qb7 32. Rc7 Rxc7 33. Rxc7 Rc8 34. Rxc8+ Qxc8 35. Qc5 Kf8 36. Qxc8+ Nxc8 37. e4 Nb6 38. Kf2 Ke7 39. e5 h6 40. f4 a4 41. Bc2 a3 42. Bd3 Nc4 43. Ke2 Nb2 44. Bb1 f5 45. Kd2 Kf7 46. Kc2 Kg6 47. Kd2 Kh5 48. h3 g5 49. Kc1 Kg6 50. Kd2 h5 51. h4 gxh4 52. gxh4 Kf7 53. Bc2 Ke7 54. Bd1 1/2-1/2

[Event "Senica op 3rd"]
[Site "Senica"]
[Date "2011.08.23"]
[Round "4"]
[White "Olvecky, Jaroslav"]
[Black "Jarabek, Milan"]
[Result "1/2-1/2"]
[WhiteElo "1865"]
[BlackElo "1532"]
[PlyCount "88"]
[EventDate "2011.08.21"]
[EventType "swiss"]
[EventRounds "9"]
[EventCountry "SVK"]
[SourceTitle "CBM 144 Extra"]
[Source "ChessBase"]
[SourceDate "2011.10.28"]
[SourceVersion "1"]
[SourceVersionDate "2011.10.28"]
[SourceQuality "1"]

1. d4 Nf6 2. Nf3 d5 3. c4 c6 4. e3 Bg4 5. Nc3 e6 6. Qb3 Qb6 7. Qxb6 axb6 8. Bd2 Bxf3 9. gxf3 Nbd7 10. 0-0-0 dxc4 11. Bxc4 b5 12. Bb3 Nb6 13. Kb1 Nc4 14. Bc1 Nd5 15. Rhg1 g6 16. Ne4 b6 17. h3 Bg7 18. Bxc4 bxc4 19. Nd6+ Ke7 20. Nxc4 b5 21. Nd2 Ra7 22. Nb3 Rha8 23. e4 Nb6 24. a3 Ra4 25. Bd2 Ke8 26. Bb4 Bf8 27. Nc5 R4a7 28. Rd3 Nd7 29. Rgd1 Nf6 30. Rc3 Rd8 31. Kc2 Bxc5 32. Rxc5 Ra6 33. Rg5 Ra7 34. Bc5 Rad7 35. Bb6 Rb8 36. Ba5 h6 37. Rgg1 Rc8 38. Bc3 Ke7 39. Bb4+ Ke8 40. Rd3 Rcd8 41. Ba5 Ra8 42. Bd2 h5 43. Rd1 Rc8 44. Kb3 c5 1/2-1/2

[Event "Senica op 3rd"]
[Site "Senica"]
[Date "2011.08.22"]
[Round "2"]
[White "Olvecky, Jaroslav"]
[Black "Huchler, Harald"]
[Result "1-0"]
[WhiteElo "1865"]
[BlackElo "1456"]
[PlyCount "39"]
[EventDate "2011.08.21"]
[EventType "swiss"]
[EventRounds "9"]
[EventCountry "SVK"]
[SourceTitle "CBM 144 Extra"]
[Source "ChessBase"]
[SourceDate "2011.10.28"]
[SourceVersion "1"]
[SourceVersionDate "2011.10.28"]
[SourceQuality "1"]

1. d4 d5 2. c4 Nf6 3. cxd5 Nxd5 4. e4 Nf6 5. Nc3 e6 6. Nf3 Nc6 7. Bd3 Be7 8. Bg5 h6 9. Be3 a6 10. 0-0 Nb4 11. Bb1 Nc6 12. a3 Nd7 13. Ba2 Nf6 14. h3 b6 15. Rc1 Bb7 16. Qc2 Nh7 17. d5 exd5 18. Nxd5 0-0 19. Rfd1 Kh8 20. Nxb6 1-0

[Event "Tatry op"]
[Site "Tatranske Zruby"]
[Date "2010.10.07"]
[Round "7"]
[White "Olvecky, Jaroslav"]
[Black "Giertli, Vladimir"]
[Result "0-1"]
[WhiteElo "1919"]
[BlackElo "2127"]
[PlyCount "70"]
[EventDate "2010.10.02"]
[EventType "swiss"]
[EventRounds "9"]
[EventCountry "SVK"]
[SourceTitle "CBM 138 Extra"]
[Source "ChessBase"]
[SourceDate "2010.10.29"]
[SourceVersion "1"]
[SourceVersionDate "2010.10.29"]
[SourceQuality "1"]

1. d4 Nf6 2. Nf3 g6 3. g3 Bg7 4. Bg2 d6 5. c4 0-0 6. 0-0 Nbd7 7. Nc3 e5 8. e4 Re8 9. d5 Nc5 10. Ne1 a5 11. Nd3 b6 12. f3 Nfd7 13. Be3 Ba6 14. b3 Qe7 15. Nb2 Rf8 16. a3 Bc8 17. Nb5 Qd8 18. b4 Nb7 19. Qd2 f6 20. Nd3 Rf7 21. Kh1 f5 22. Kg1 Nf6 23. Nc3 Qf8 24. Nf2 Nd8 25. Rac1 Ba6 26. Nb5 Ne8 27. Rfd1 Bb7 28. Rc2 Bc8 29. Qc1 Nb7 30. Nh3 Nd8 31. Nf2 Re7 32. Nd3 Nf7 33. Nf2 Nh6 34. Rf1 Rf7 35. g4 Kh8 0-1

[Event "Tatry op"]
[Site "Tatranske Zruby"]
[Date "2010.10.06"]
[Round "6"]
[White "Stalmach, Kamil"]
[Black "Olvecky, Jaroslav"]
[Result "1-0"]
[WhiteElo "2124"]
[BlackElo "1919"]
[PlyCount "59"]
[EventDate "2010.10.02"]
[EventType "swiss"]
[EventRounds "9"]
[EventCountry "SVK"]
[SourceTitle "CBM 138 Extra"]
[Source "ChessBase"]
[SourceDate "2010.10.29"]
[SourceVersion "1"]
[SourceVersionDate "2010.10.29"]
[SourceQuality "1"]

1. e4 e5 2. Nf3 Nc6 3. Bb5 Nf6 4. d3 d6 5. h3 Bd7 6. c3 Be7 7. 0-0 h6 8. Re1 0-0 9. Nbd2 Nh7 10. Nf1 Ng5 11. Nxg5 Bxg5 12. Ne3 Ne7 13. Bc4 c6 14. d4 Qc7 15. Qh5 g6 16. Qf3 Kg7 17. Ng4 f5 18. exf5 Rxf5 19. Qg3 Raf8 20. dxe5 d5 21. Bd3 Bxc1 22. Raxc1 Rg5 23. f4 Rgf5 24. Nf6 Be6 25. Bxf5 Nxf5 26. Qf2 Qa5 27. b4 Qa4 28. g4 Ne7 29. Qc5 Rf7 30. Qa5 1-0

[Event "Bratislava Doprastav op"]
[Site "Bratislava"]
[Date "2010.07.03"]
[Round "2"]
[White "Kleman, Miroslav"]
[Black "Olvecky, Jaroslav"]
[Result "1/2-1/2"]
[WhiteElo "2260"]
[BlackElo "1918"]
[PlyCount "133"]
[EventDate "2010.07.02"]
[EventType "swiss"]
[EventRounds "9"]
[EventCountry "SVK"]
[SourceTitle "EXT 2012"]
[Source "ChessBase"]
[SourceDate "2011.11.24"]
[SourceVersion "1"]
[SourceVersionDate "2011.11.24"]
[SourceQuality "1"]

1. c4 e5 2. Nc3 Bb4 3. d3 Nf6 4. Bd2 0-0 5. a3 Bc5 6. b4 Bd4 7. e3 Bxc3 8. Bxc3 Re8 9. Rc1 d6 10. g3 Bg4 11. Qc2 Nc6 12. Bg2 Qc8 13. h3 Bh5 14. Ne2 Bg6 15. e4 Nd7 16. g4 f6 17. f4 exf4 18. 0-0 f3 19. Rxf3 Nce5 20. Rf2 Bf7 21. Ng3 c5 22. Nf5 Qc7 23. Rcf1 Be6 24. Ne3 Rac8 25. b5 a6 26. a4 Ra8 27. Ra1 b6 28. Qd1 a5 29. Qe2 Rf8 30. Rc1 Rae8 31. Qd1 Rd8 32. Rd2 Rfe8 33. Bf1 Ng6 34. Qe1 Nde5 35. Qg3 Qb8 36. Rg2 Rf8 37. h4 Ne7 38. Be2 Rf7 39. Bd2 Rdf8 40. Nc2 g6 41. Bh6 Re8 42. Rf1 Kh8 43. Rgf2 Ng8 44. Bc1 Ref8 45. Bf4 Kg7 46. d4 cxd4 47. Nxd4 Qc8 48. Rc1 Bd7 49. g5 Qe8 50. Bxe5 fxe5 51. Nf3 Rf4 52. Rd1 Rg4 53. Qxg4 Bxg4 54. Rxd6 Qb8 55. Rd5 Bxf3 56. Rxf3 Rxf3 57. Bxf3 Ne7 58. Rd7 Kf8 59. Bg4 Ke8 60. Rd2 Qc7 61. Be6 Qc5+ 62. Kf1 Qe3 63. Rd6 Qf3+ 64. Kg1 Qxe4 65. Bd7+ Kf8 66. Rf6+ Kg7 67. Be6 1/2-1/2

[Event "Bratislava Doprastav op"]
[Site "Bratislava"]
[Date "2009.07.08"]
[Round "6"]
[White "Soldan, Jan"]
[Black "Olvecky, Jaroslav"]
[Result "1-0"]
[WhiteElo "1922"]
[BlackElo "1350"]
[PlyCount "63"]
[EventDate "2009.07.04"]
[EventType "swiss"]
[EventRounds "9"]
[EventCountry "SVK"]
[SourceTitle "EXT 2015"]
[Source "ChessBase"]
[SourceDate "2014.11.20"]
[SourceVersion "1"]
[SourceVersionDate "2014.11.20"]
[SourceQuality "1"]

1. e4 e5 2. Nf3 Nc6 3. Bc4 Nf6 4. d4 exd4 5. e5 d5 6. Bb5 Ne4 7. Nxd4 Bd7 8. Nxc6 bxc6 9. Bd3 Nc5 10. Be2 Be7 11. 0-0 0-0 12. Be3 f6 13. exf6 Rxf6 14. Nd2 Ne6 15. Nf3 Bd6 16. g3 Kh8 17. c4 dxc4 18. Bxc4 Qf8 19. Nh4 c5 20. Bd5 Rd8 21. Be4 Be8 22. Qc2 g6 23. Rad1 Rb8 24. a3 Kg7 25. Qc3 Qe7 26. Bd5 h6 27. Rfe1 Kh7 28. Bc1 Be5 29. Qe3 Qf8 30. Bd2 Nd4 31. Bc3 Nf5 32. Nxf5 1-0

[Event "Bratislava Doprastav op"]
[Site "Bratislava"]
[Date "2009.07.07"]
[Round "5"]
[White "Olvecky, Jaroslav"]
[Black "Kleman, Miroslav"]
[Result "0-1"]
[WhiteElo "1350"]
[BlackElo "2233"]
[PlyCount "96"]
[EventDate "2009.07.04"]
[EventType "swiss"]
[EventRounds "9"]
[EventCountry "SVK"]
[SourceTitle "EXT 2015"]
[Source "ChessBase"]
[SourceDate "2014.11.20"]
[SourceVersion "1"]
[SourceVersionDate "2014.11.20"]
[SourceQuality "1"]

1. d4 d6 2. Nf3 Nf6 3. e3 Nbd7 4. Nbd2 e5 5. Bd3 g6 6. c3 Bg7 7. Qc2 c6 8. b3 0-0 9. Ba3 c5 10. dxe5 dxe5 11. 0-0 Re8 12. e4 Qc7 13. Rfd1 a6 14. Bb2 b6 15. a4 Bb7 16. Nf1 Rad8 17. Qe2 Nb8 18. Ng3 Re7 19. Bc2 Red7 20. Rxd7 Rxd7 21. Rd1 Rxd1+ 22. Qxd1 c4 23. bxc4 Nbd7 24. Qe2 Nc5 25. Nd2 Qc6 26. Qd1 Bh6 27. Ba3 Kg7 28. Ngf1 Nfxe4 29. Nxe4 Nxe4 30. f3 Nc5 31. Ng3 Be3+ 32. Kf1 f5 33. Ke2 Bg5 34. Kf2 h5 35. Ne2 h4 36. h3 Be7 37. Kf1 Qe6 38. Bxc5 Bxc5 39. Bb3 g5 40. Bc2 Be7 41. c5 bxc5 42. Qb1 Bc8 43. Qb8 Kf6 44. Qc7 Qd7 45. Qb6+ Qd6 46. Qb1 Be6 47. g4 hxg3 48. Nxg3 e4 0-1